| 000 | 00390nam a2200145Ia 4500 | ||
|---|---|---|---|
| 008 | 210210b1902 xxu||||| |||| 00| 0 eng d | ||
| 082 | _a110/65 | ||
| 100 | _aJANET (Paul) and SEAIELES (Gabriel). | ||
| 245 | _aHistory of the problems of philosophy. Vol.1. | ||
| 260 |
_aLondon _bMacmillan & Co. Ltd. _c1902 |
||
| 300 | _axxvii,389 | ||
| 440 | _a1 | ||
| 690 | _aPhilosophy | ||
| 906 | _a000859 | ||
| 999 |
_c77374 _d77374 |
||